[Event "RUS-Cup7"]
[Site "Kstovo"]
[Date "1997.05.06"]
[Round "6"]
[White "Yandemirov, Valeri"]
[Black "Voitsekhovsky, Stanislav"]
[Result "1-0"]
[WhiteElo "2500"]
[BlackElo "2475"]
[Annotator "Har Zvi,R"]
[PlyCount "99"]
[EventDate "1997.05.01"]
[EventType "swiss"]
[EventRounds "9"]
[EventCountry "RUS"]
[SourceTitle "CBM 059"]
[Source "ChessBase"]
[SourceDate "1997.08.01"]
[SourceVersion "1"]
[SourceVersionDate "1997.08.01"]
[SourceQuality "1"]

1. e4 c5 2. Nf3 d6 3. d4 cxd4 4. Qxd4 Bd7 5. c4 Nc6 6. Qd2 g6 (6... Nf6 7. Nc3
e6 (7... g6 8. Be2 Bg7 9. O-O O-O 10. Rb1 a6 11. b3 Qa5 12. a3 Bg4 13. Qe3 Bxf3
14. Bxf3 Ng4 15. Bxg4 Qxc3 16. Qxc3 Bxc3 17. Rd1 $14 {Kaidanov,G-Kreiman,B
Chicago 1996}) 8. Be2 Be7 9. O-O O-O 10. b3 Qa5 11. Bb2 Rfd8 12. Rfd1 a6 13.
Rac1 Rac8 14. a3 Qb6 15. b4 $14 {/~~ Svidler,P-Chuprov,A St.Petersburg (op)
1994}) 7. b3 (7. Be2 Bg7 8. O-O Nf6 9. Nc3 O-O 10. Rb1 a6 11. b3 Qa5 12. Bb2
Rfc8 (12... b5) 13. Rfd1 Bg4 (13... b5) 14. Qe3 $1 Nd7 15. Nd5 Bxb2 16. Rxb2
$14 {Anand,V-Kasparov,G Moscow Semi-Final PCA 1995}) 7... Bg7 8. Nc3 (8. Bb2
Bxb2 9. Qxb2 Nf6 10. Nc3 Qa5 (10... O-O 11. Be2 Bg4 12. Nd2 Bxe2 13. Nxe2 a6
14. O-O b5 15. Nc3 b4 16. Nd5 Nd7 17. Nf3 {1/2-1/2 Savon,V-Bronstein,D
URS-ch39 Leningrad 1971}) 11. Qd2 Bg4 12. Be2 Bxf3 13. Bxf3 Qe5 14. Rd1 g5 $13
{Golod,V-Berkovich,D UFa 1993}) 8... Nf6 9. Bb2 Bg4 (9... O-O 10. h3 Qa5 {
[%cal Gf6e4]} 11. Bd3 Rac8 12. O-O Qh5 $6 13. Ne2 Bh6 $2 14. Qd1 a6 $4 15. e5 {
after Nxe5 16.Bxe5 dxe5 17.Ng3 the queen is lost therefor 1-0 Zarnicki,
P-Quiroga,F Buenos Aires 1995}) 10. Be2 O-O 11. O-O Nd7 12. h3 Bxf3 13. Bxf3
Qa5 14. Rfd1 $146 (14. Rab1 Rfd8 15. Rfc1 a6 16. a3 Bf6 $1 17. Bg4 (17. b4 Qg5)
17... e6 18. b4 Qg5 19. f4 Qh6 $13 {Polgar,J-Topalov,V Dos Hermanas 1996 66/
167 [Topalov,V]}) 14... Rfd8 15. Be2 Nc5 16. Rab1 Nd4 $6 (16... a6 $5 {seems
like the normal continuation in the position}) 17. Bf1 e5 18. Qe3 Rf8 19. Nd5
Qd8 (19... Qxa2 20. b4 Na4 21. Ba1 $1 {[%csl Ra2] and the queen on a2 does not
seems to be right in the game,although I can not see a force way to win it but
it better to have white in this position}) 20. Bd3 Nce6 21. Kh2 f5 22. exf5
gxf5 23. f4 Qd7 (23... Qh4 24. g3 Qh5 25. Bf1 $14 {[%csl Rd4,Re5] /+/-}) 24.
Rg1 (24. g3 e4 25. Bf1 Nf3+ 26. Kg2 Bxb2 27. Rxb2 Qg7 $13 {[%csl Rb2,Rg3]}) (
24. Kh1 $5) 24... Rae8 25. Qf2 exf4 (25... e4 26. Bf1 Nc6 27. Rd1 {[%csl Rd6,
Rf5]}) 26. Kh1 Be5 (26... Nc5 27. Nxf4 $16) 27. Bc1 $1 {this is white's key
move since without this move the position is not so clear,since black may try
to hold his extra pawn,now white wins the f4 pawn immediately and gets equal
material but big positional advantage thanks to black weak king and bad pawns}
Nc5 $6 {better was 27...Qg7,the exchanges of the e6 knight and white's d3
bishop are no problem for white maybe an advantage} 28. Bxf4 Nxd3 (28... Qg7)
29. Qg3+ Qg7 30. Qxd3 {in the middle game the position was complicated and the
pawn structure was not so important but as we go to the endgame we see the
difference,that's why I do not like the exchange on d3} Bxf4 31. Nxf4 Re4 32.
Rgf1 Qe5 33. Rbd1 $1 Re8 (33... Rxf4 34. Rxf4 Qxf4 35. Qxd4 Qxd4 36. Rxd4 $16 {
[%csl Rd6,Rf5,Rh7]}) 34. Qg3+ Kh8 (34... Qg7 $2 35. Nh5 $1 $18) 35. Rd3 Rg8 36.
Qf2 Ne2 (36... b5 {the idea is to take white's control from the "d5" square,
and another thing in some variation black loses his "b7" pawn so maybe it's
better to give it now destroying white's pawn structure,the problem with this
move which makes it not a very good one is the fact that is opens another file
which can be used by white} 37. cxb5 Ne2 38. Rf3 Nd4 39. Rg3 Rxg3 40. Qxg3 Qxb5
41. Rc1 $16) 37. Rf3 (37. Nh5 f4 38. Rd5 Qe7) 37... Nxf4 38. Rxf4 Re2 39. Qf3
Qb2 $2 (39... Rgxg2 40. Qxg2 Rxg2 41. Kxg2 Qb2+ (41... Qg7+ 42. Kh1) 42. R4f2
$1 (42. R1f2 $6 Qg7+ 43. Kh2 Qe5) 42... Qg7+ 43. Kh1 Qg3 44. Rf3 Qh4 45. Kh2) (
39... Rxa2 40. Rxf5 Qb2 (40... Qg7 41. Rg1 Ra1 42. Rf6 Rxg1+ 43. Kxg1 $16) 41.
Rg1 $1 $16 {/+- when black is going to pay for his "a2" rook} Ra3 42. Rf7 $18)
40. Rg1 $16 {/+-} Rf8 $2 (40... Qxa2 41. Rxf5 Re7 42. Qc3+ Reg7 43. Rf7) 41.
Rxf5 $18 Rg8 (41... Rxf5 42. Qxf5 Qxa2 43. Qf8#) 42. Rf7 Qe5 43. Qxb7 Qh5 44.
Qxa7 Qh4 45. Qd7 Qe4 46. a4 Rb2 47. Re7 Qg6 48. Qb7 Rd2 49. Qf3 Rd3 50. Re3 1-0

[Event "Linares Anibal op 04th"]
[Site "Linares"]
[Date "1997.??.??"]
[Round "9"]
[White "Krakops, Maris"]
[Black "Kharlov, Andrei"]
[Result "1-0"]
[WhiteElo "2440"]
[BlackElo "2555"]
[Annotator "Har Zvi,R"]
[PlyCount "103"]
[EventDate "1997.02.??"]
[EventType "swiss"]
[EventRounds "10"]
[EventCountry "ESP"]
[SourceTitle "CBM 058"]
[Source "ChessBase"]
[SourceDate "1997.06.01"]
[SourceVersion "1"]
[SourceVersionDate "1997.06.01"]
[SourceQuality "1"]

1. e4 {Hecht} c5 2. Nf3 Nc6 3. Bb5 d6 4. d4 cxd4 5. Qxd4 e5 (5... Qa5+ 6. Nc3
Qxb5 7. Nxb5 Nxd4 8. Nfxd4 Kd8 9. c4 (9. Bg5 Nf6 10. f3 a6 11. Nc3 e6 12. O-O-O
Bd7 13. Rd3 Be7 14. e5 Ne8 15. Bxe7+ Kxe7 16. exd6+ Nxd6 17. Re1 Rad8 $13 {
Glueck,D-Dlugy,M American op 1989}) 9... a6 (9... Nf6 10. f3 Bd7 11. a4 a6 12.
Nc3 e6 13. Bd2 Rc8 14. b3 Be7 15. Ke2 Bc6 16. Rhd1 $14 {Lutikov,A-Litvinov,V
Minsk 1981}) 10. Nc3 Bd7 11. Nd5 Nf6 12. Nb6 Rb8 13. f3 Bc6 14. Bd2 e6 15.
O-O-O $14 {Belikov,V-Shemiakin,A Simferopol 1989}) (5... Bg4 6. Nc3 Bxf3 (6...
Nf6 7. e5 Bxf3 8. exf6 e5 9. Qe3 Bh5 (9... Bxg2 10. Rg1 {[%csl Rg2]}) (9... Bg4
10. Qg3 h5 11. h3) 10. f4 a6 (10... Qxf6 11. Nd5) 11. Bxc6+ bxc6 12. Qh3 g6 (
12... Bg6 13. f5) 13. g4 Qd7 14. Rg1 d5 15. fxe5 Bc5 16. Rg2 $18 {Campora,
D-Gutman,L Luzern olm 1982}) 7. gxf3 Nf6 8. Bg5 a6 9. Bxc6+ bxc6 10. Qa4 Qd7
11. O-O-O h6 12. Bxf6 gxf6 13. Rhg1 $36 {Malisauskas,V-Kachur,A Katowice op
1995}) 6. Qd3 Be7 7. Nc3 (7. c4 h6 8. Nc3 Nf6 9. c5 O-O 10. Bxc6 bxc6 11. cxd6
Bxd6 12. O-O Qe7 13. Rd1 Rd8 14. h3 $14 {/= Yandemirov,V-Mukhametov,E RUS-chT
Podolsk 1992}) 7... h6 (7... Nf6 8. Bg5 a6 (8... O-O 9. Bxf6 Bxf6 10. Nd5 g6
11. O-O-O Bg7 12. Bc4 Be6 13. Kb1 Rc8 14. Bb3 Na5 15. h4 Rc5 $132 {Vasiukov,
E-Balashov,Y URS-ch37 Moscow 1969}) 9. Ba4 Bg4 10. Rd1 b5 11. Bb3 Bxf3 12. Qxf3
Nd4 13. Qd3 Nd7 14. Be3 $14 {/+/- Swidler,P-Kharlov,A Rostov op 1993}) 8. O-O
Nf6 9. Nd5 O-O 10. Nxf6+ Bxf6 11. b3 Nd4 (11... Be6 12. Bb2) 12. Nxd4 exd4 13.
Bb2 d5 14. e5 $1 (14. exd5 $2 a6 15. Bc4 b5) 14... Bxe5 15. Bxd4 Bxd4 (15...
Bf5 16. Qxf5 Bxd4 17. Rad1 Qb6 18. Bd3) 16. Qxd4 $14 {[%csl Rd5] white is
slightly better thanks to black's isolated "d" pawn which is fixed on a white
square the same as white's and black's bishop's but white's "b" pawn is at b3
not b2 there for after white will play c3 his "c" will have no defence that's
way I believe this game should end in a draw} Bf5 17. c3 a6 18. Be2 Re8 19.
Rfe1 (19. Bf3 Be4) 19... Re4 20. Qd2 Qg5 $5 (20... d4 $2 21. Rad1 {winning the
"d" pawn}) 21. Qxg5 hxg5 {[%csl Rc3]} 22. Bf3 Rxe1+ 23. Rxe1 Be6 24. Re3 Rc8
25. Kf1 g6 26. h3 Kg7 27. Ke2 a5 $11 28. Kd3 b5 29. a3 (29. Kd4 b4 30. cxb4 (
30. Bxd5) 30... axb4 31. Bxd5 Rd8 $1 (31... Bxd5 32. Kxd5 Rc2 33. Rf3 f5 34.
Kd4 {with Kd3-Kc4 and black should fight for the draw}) 32. Re5 Kf6 33. g4 (33.
g3 Bxh3) 33... Bxd5 34. Rxd5 Ra8 35. Rd6+ Ke7 36. Rb6 Rxa2 37. Ke3 Rc2 $8 38.
Rxb4 Rc3+ $11) 29... d4 30. cxd4 (30. Kxd4 Bxb3 $15) 30... Bxb3 31. Re7 Bc4+ $6
32. Ke3 Rb8 33. d5 Kf6 34. Ra7 b4 35. axb4 axb4 36. Kd4 b3 37. Kxc4 b2 38. Be4
b1=Q 39. Bxb1 Rxb1 {[#] Hecht Mittelfreibauer mit Königsunterstützung und
indirekt gedecktem Bf2 sowie vertikal ausgesperrter schwarzer König sind
Gewinnmerkmale für Weiß.} 40. Kc5 Rb2 41. Ra3 Rc2+ (41... Ke7 42. d6+ Kd7 43.
Ra7+ Ke6 44. Re7+ Kf6 45. Re3 $18) (41... Rxf2 {Hecht} 42. Rf3+ Rxf3 43. gxf3
Ke7 44. Kc6 Kd8 45. Kd6 f5 46. Ke6 $18) 42. Kd6 Kg7 43. Rf3 f5 44. Ke7 Re2+ 45.
Kd7 g4 (45... f4 {Hecht} 46. d6 Kf6 47. Rd3 Kf7 (47... Rxf2 48. Ke8 Re2+ 49.
Kf8 Ra2 50. d7 $18) 48. f3 {geht's einfacher? Analyse!} Rxg2 49. Rc3 Rd2 50.
Rc4 Rd3 51. Kc7 Ke6 (51... Rxf3 52. d7 Rd3 53. d8=Q Rxd8 54. Kxd8 Kg7 (54...
Kf6 55. Rc5 $18) 55. Ke7 Kh6 56. Kf6 Kh5 57. Rc8 Kh4 58. Rh8+ Kg3 59. Kxg5 f3
60. h4 f2 61. Rf8 $18) 52. Re4+ Kf7 53. d7 Rc3+ 54. Kd6 Rd3+ 55. Kc6 {[%cal
Re4e8]} Rc3+ 56. Kd5 Rd3+ 57. Rd4 Rxd4+ 58. Kxd4 Ke7 59. Ke5 Kxd7 60. Kf6 Kd6
61. Kxg6 $18) 46. hxg4 fxg4 47. Rf4 g3 48. fxg3 Rxg2 49. Rf3 g5 50. d6 g4 51.
Re3 Rf2 (51... Kf7 {Hecht} 52. Rc3 Rd2 53. Kc7 Ke6 54. Re3+ Kf7 55. d7 Rc2+ 56.
Kd8 Rc4 57. Re5 $18) 52. Re5 (52. Re4 $1 {[%csl Rg4] Hecht}) (52. Re5 {Hecht}
Kf6 53. Rd5 Kf7 (53... Rf3 54. Ke8 $18) (53... Rc2 54. Rd4 Kf5 55. Ke7 $18) 54.
Rd4 $18) 1-0

[Event "FIDE-Wch k.o."]
[Site "Groningen"]
[Date "1997.12.13"]
[Round "2.5"]
[White "Kaidanov, Gregory S"]
[Black "Zvjaginsev, Vadim"]
[Result "0-1"]
[WhiteElo "2600"]
[BlackElo "2635"]
[Annotator "Har Zvi,R"]
[PlyCount "52"]
[EventDate "1997.12.09"]
[EventType "k.o."]
[EventRounds "7"]
[EventCountry "NED"]
[SourceTitle "CBM 063"]
[Source "ChessBase"]
[SourceDate "1998.03.26"]
[SourceVersion "1"]
[SourceVersionDate "1998.03.26"]
[SourceQuality "1"]

1. e4 c5 2. Nf3 d6 3. Bb5+ Nc6 4. d4 cxd4 5. Qxd4 Bg4 6. Qd3 (6. Nbd2 e5 7. Qd3
Nf6 8. Nc4 Be7 9. Bg5 O-O 10. Bxf6 gxf6 11. Ne3 $16 {1-0 Adorjan,A-Stean,M/
Canterbury 1973/MCD-r7 (24)}) (6. Qa4 Qc8 7. Nd4 Bd7 8. Nxc6 bxc6 9. Ba6 Qb8
10. c4 g6 11. O-O Bg7 12. Nc3 Nf6 13. h3 O-O 14. c5 dxc5 15. Qc4 Rd8 16. Na4
Be6 17. Qc2 Nd7 18. Nxc5 Nxc5 19. Qxc5 Qb6 20. Qxb6 axb6 21. Bb7 Rxa2 22. Rxa2
Bxa2 23. Bxc6 Bc4 24. Re1 Rc8 25. Rd1 h5 26. Bd7 Ra8 27. Be3 b5 28. b4 Bc3 29.
Bc5 e5 30. Bc6 Ra1 {1/2-1/2 Pavlenko,O-Smyslov,V/URS-chT 1975/MCD-ch}) (6. Nc3
Bxf3 (6... Nf6 7. e5 Bxf3 8. exf6 e5 9. Qe3 Bh5 10. f4 a6 11. Bxc6+ bxc6 12.
Qh3 $18 {[%csl Rh5]} g6 13. g4 Qd7 14. Rg1 d5 15. fxe5 Bc5 16. Rg2 O-O 17. Qg3
Rfe8 18. gxh5 Qf5 19. Bf4 d4 20. hxg6 hxg6 21. Ne2 Qxc2 22. Rc1 Bb4+ 23. Kf2
Qxb2 24. Qd3 Kh7 25. Rcg1 {1-0 Campora,D-Gutman,L/Luzern olm 1982/BIG 80}) 7.
gxf3 Nf6 8. Bg5 (8. Qa4 g6 9. Bg5 Nd7 10. O-O-O Qc8 11. Nd5 a6 12. Be2 Bg7 13.
h4 Rb8 14. h5 b5 15. Qa3 Nc5 $132 {0-1 Panchenko,A-Vitolinsh,A/URS-ch otbor
1979/MCD-ch (33)}) 8... a6 9. Bxc6+ bxc6 10. Qa4 Qd7 11. O-O-O h6 12. Bxf6 gxf6
13. Rhg1 e6 14. e5 fxe5 15. Ne4 $44 {1-0 Malisauskas,V-Kachur,A/Katowice op
1995/EXP 47 (90)}) 6... Rc8 $5 $146 {a novelty according to my database} (6...
Nf6 7. Nc3 Nd7 8. Nd4 Nc5 9. Qg3 Bd7 10. Be3 Nxd4 11. Bxd7+ Qxd7 12. Bxd4 Ne6
13. O-O-O Nxd4 14. Rxd4 g6 15. Nd5 Rc8 16. Rd3 Bg7 17. Qh4 $36 {[%csl Re8] 1-0
Malisauskas,V-Oll,L/Keres mem rapid 1997/EXT 97 (34)}) 7. c4 (7. Nc3) 7... g6
8. Nc3 (8. Qd4 Qa5+ (8... Nf6 9. Qxa7 Bxf3 10. gxf3 {when I do not where is
black's compensation}) 9. Bd2 $4 {it is quite strange but this natural move is
a decisive mistake} Qxb5 10. Qxh8 (10. cxb5 Nxd4 11. Nxd4 Bg7 $19) 10... Qxc4
$17 {/-+} 11. Be3 (11. Nc3 Bxf3 12. gxf3 Nd4 13. Be3 Nxf3+ 14. Kd1 Nf6) 11...
Bxf3 12. gxf3 Nd4 $5 (12... Nf6 13. Nd2 Qb5 $40) 13. Bxd4 Qc1+ 14. Ke2 Qxh1 15.
Qxg8 e5 $1 (15... Rc2+ 16. Nd2 Qxa1 17. Bg7 Kd7 18. Qxf8 f6 $2 {[%cal Ga1b2]} (
18... Qxa2) 19. Bxf6 $11) 16. Bc3 Qc1) 8... Bg7 9. O-O (9. b3 $5 {this move
solves white probelm his "b5" bishop,on the next move you exchange it for
black's knight with about equal position} Bxf3 10. Qxf3 Nf6 11. Bxc6+ Rxc6 12.
Bd2 $11) 9... Bxf3 10. Qxf3 Nf6 11. Rd1 (11. Qh3 $6 O-O $15 {now white has
problems because he can not take right on on "c6" since after Rxc6 back he can
not play "b3" because of Nxe4,and if he does not take then black may play Na5
or Ne5 attacking the "c4" pawn when white's bishop on "b5" seems very bad})
11... Nd7 $6 {I do not like this move,since it solves white's main problem his
bishop on "b5" which is very bad now white will be able to exchange it for on
of black's knights,11...0-0 seems interesting and may cause white some problems
} (11... O-O $5 12. Bxc6 (12. Qe2 Ne5 {[%csl Rc4][%cal Ga7a6]}) 12... Rxc6 13.
e5 (13. b3 $2 Nxe4) 13... Nd7 $1 (13... Ne8 14. exd6 Nxd6 15. b3 $14) 14. exd6
Ne5 $36 {/=/+--/+} 15. Qe4 (15. Qe3 Rxd6 16. Rxd6 Qxd6 $17) 15... exd6 {
[%csl Rc4]}) 12. Qh3 O-O 13. Bh6 f5 (13... Bxh6 14. Qxh6 a6 15. Bxc6 Rxc6 (
15... bxc6 16. Rd3 $14) 16. Rd3 $14 Rxc4 $6 17. Rh3 Nf6 18. Nd5) 14. Nd5 $2 {
why?} (14. Bxg7 Kxg7 15. exf5 Rxf5 16. b3 $14 {[%csl Rd6,Re7]}) 14... Bxh6 15.
Qxh6 fxe4 $15 {white simply gave black the "e4" pawn and insted of getting a
slightly but very nice better position he is a pawn down,and not clear at all
for what} 16. Qh3 Kh8 $1 (16... a6 17. Bxc6 bxc6 18. Nc3 Nc5 19. Nxe4 Nxe4 20.
Qe6+ Rf7 21. Qxe4 Qb6 22. Qd4) 17. Re1 $6 {an incorrect move,black will win a
tempi with Nd3 in the near future} (17. Nc3 $142 $5 Nf6 18. Bxc6 Rxc6 19. b3
$132) 17... Nc5 18. b4 Nd3 19. Rxe4 $2 (19. Bxc6 Rxc6 $1 (19... Nxe1 20. Bxb7
Rb8 21. Rxe1 Rxb7 22. Rxe4 $132) 20. Nxe7 (20. Rxe4 Nxf2 21. Qc3+ e5 22. Re2
Ng4 $17) 20... Qxe7 21. Qxd3 exd3 22. Rxe7 Rxc4 $17) 19... Nxf2 $17 {/-+} 20.
Qc3+ e5 21. Re2 $2 {the decisive mistake} Nd4 22. Rxf2 Rxf2 23. Kxf2 Qh4+ $1
24. Qg3 (24. Ke3 Nxb5 25. Qd3 Rxc4) (24. Kg1 Ne2+) 24... Rf8+ 25. Ke1 Qe4+ 26.
Ne3 Qd3 0-1

[Event "Biel 53rd"]
[Site "Biel"]
[Date "2020.07.28"]
[Round "6"]
[White "Harikrishna, Pentala"]
[Black "Edouard, Romain"]
[Result "1-0"]
[WhiteElo "2719"]
[BlackElo "2649"]
[Annotator "Harikrishna,P"]
[PlyCount "87"]
[EventDate "2020.07.21"]
[EventType "tourn"]
[EventRounds "7"]
[EventCountry "SUI"]
[EventCategory "17"]
[SourceTitle "CBM 197"]
[Source "ChessBase"]
[SourceDate "2020.07.27"]
[SourceVersion "1"]
[SourceVersionDate "2020.07.27"]
[SourceQuality "1"]

{[%evp 0,87,31,41,100,79,111,107,93,89,113,65,66,44,18,55,54,27,41,13,38,13,52,
29,24,54,45,47,47,17,62,54,145,107,107,89,85,85,152,87,78,90,115,34,96,62,72,
55,67,44,54,69,65,41,67,49,58,-31,33,33,167,26,144,97,117,110,131,126,112,82,
135,135,192,205,886,144,180,127,140,87,115,188,188,212,322,330,330,390,394,460]
The Biel Chess Masters was the first major over-the-board event after the
Candidates got postponed due to corona crisis. This was my 5th time in Biel,
and I have to say I had good memories every time I played here. When I
received the invitation for the Biel Chess Festival, I was quite happy to get
a chance to play chess over the board after 5 months. The organisers took all
the required mesasures like plexiglass for Chess960, Rapid and Classical.
Since Blitz needs quick movement, it was decided to wear masks and play. I
also take this opportunity to highlight the excellent job done by the Biel
Chess Festival team who were disinfecting the chess boards, pieces and tables
after every round. Especially during the Blitz session this was quite tough,
so kudos to all of them!} 1. e4 c5 2. Nf3 d6 3. d4 cxd4 4. Qxd4 {I decided to
play something less theoretical as Edouard is a well-known theoretician, so
one can say I was not really prepared for this game. As we had played 33 games
by now, I felt energy is quite important and as I expected it played an
important role in the crucial part of the game.} a6 {I don't like this move so
much as it is commital. I prefer ...Nf6. I had some games in this opening
against David Navara in a Rapid match in Prague 2018.} (4... Nf6 5. Be2 Nc6 6.
Qe3 g6 7. O-O Bg7 8. h3 O-O 9. Rd1 {Many games have been played here already,
and this is one of the crucial positions from this opening.}) 5. Be2 Nc6 6. Qe3
Nf6 7. O-O g6 8. h3 Bg7 9. c4 {I decided to delay Rd1. As you can see in my
game against Zaven Andriasian, I started with Rd1.} (9. Rd1 Nd7 10. c4 O-O 11.
Nc3 Nde5 $2 12. Nxe5 Nxe5 13. Bd2 (13. c5 $1 $16) 13... Be6 14. b3 $14 {
1/2-1/2 (146) Harikrishna,P (2730)-Andriasian,Z (2604) chess.com INT 2019})
9... O-O 10. Nc3 Rb8 $6 {This was a mysterious move to me. I really did not
understand the point of it.} (10... Nd7 {I expected this and eventually would
have gone} 11. Rd1 {transposing to my game against Zaven.}) 11. Rd1 Nd7 12. Rb1
{Preparing b3.} (12. b3 $6 {I would like to play this move at some point, but
here it fails due to} Qb6 13. Qd2 Nc5 14. Bb2 Qa5 $13) 12... b6 $6 {I have a
feeling that Edouard forgot that he had one game in this position against
Maxim Lagarde where he played 12...Qb6. Good or bad, 12...Qb6 is preferable.} (
12... Qb6 $5 13. Nd5 $1 (13. Qd2 Qb4 $1 {This is the improvement compared to
what was played in the game Maxim Lagarde vs Edouard Romain.} (13... Nde5 $6
14. Nd5 $14 {1-0 (31) Lagarde,M (2540)-Edouard,R (2634) Saint-Quentin 2015}))
13... Qxe3 14. Bxe3 $14 {I prefer White's position here, although it is
unclear if he has big advantage.}) 13. b3 Bb7 14. Bb2 Ba8 {It is hard to
criticise this manoeuvre Bb7-a8. Black has quite a difficult position already.}
15. Nd5 (15. Rd2 $16 {[%cal Yb1d1] also gives White nice advantage as played
by Ni Hua in 2006!!}) 15... b5 {Black is following a wrong plan and after this
move he has clear weakness.} (15... e6 16. Bxg7 Kxg7 17. Nc3 Qe7 18. Qd2 $16)
16. Bxg7 Kxg7 17. b4 $6 {Small inaccuracy from my side. It was much simpler to
first take cxb5 and then play b4.} (17. cxb5 $1 axb5 18. b4 Nce5 (18... Nde5
19. Nxe5 Nxe5 20. Rbc1 $18 {[%cal Yd5c7,Yf2f4]}) 19. Nd4 Bxd5 20. exd5 $18 {
[%cal Yd4b5,Yf2f4]}) 17... bxc4 18. Bxc4 a5 {I would prefer 18...Bb7 for Black.
Edouard assessed the arising exchanges would give him some space to breathe.} (
18... Bb7 19. Rbc1 Rc8 20. Bf1 $18) 19. b5 Nce5 20. Nxe5 Nxe5 21. Bf1 Nd7 22.
Rbc1 {Making him take on d5.} Bxd5 (22... Nc5 23. e5 Ne6 24. exd6 exd6 25. a4
$18) 23. exd5 Nc5 {I considered that this position is too close to winning for
White even though material is equal. Black simply has no counterplay. White
just needs to make sure that Black does not play ...e5 which will give him
space.} 24. Rd4 {[%cal Yd4h4,Ye3h6]} Kg8 25. Rh4 {[%cal Ye3h6]} f5 (25... e5
26. Qh6 $18) 26. Rd4 {Making Black play f5 was quite important, in order to
stop all the breaks in the center.} a4 27. h4 {[%cal Yh4h5]} Qe8 28. Rxc5 {
This is the second part of the plan. Even though all white pieces are ideally
placed, Black's knight on c5 is defending, and therefore I decided to
sacrifice my rook for it. I had to calculate few variations.} dxc5 29. Rxa4
Rxb5 {Looking like a desperado, in fact this is the best attempt to save the
position for Black.} (29... Qf7 30. Bc4 $18) (29... Ra8 30. Rxa8 Qxa8 31. Bc4
$18 {[%cal Yd5d6]}) 30. Ra7 Rf7 (30... Rb6 31. Bc4 Rb1+ 32. Kh2 Qb8+ 33. d6+
$18) 31. Bxb5 Qxb5 {Here I missed a simple win.} 32. Rxe7 (32. d6 $1 Qb1+ 33.
Kh2 Qb8 34. Rd7 {This is the move that did not occur in my calculation. It
would have been nice to finish the game this way.}) (32. Ra8+ {I was
calculating this move for a long time to figure out some mating ideas.} Kg7 33.
Qe5+ (33. h5 f4 34. Qc3+ Kh6 35. hxg6 Qb1+ $1 36. Kh2 Qxg6 {This is the
position I thought despite White being considerably better gave some chances
for Black to survive.}) 33... Kh6 34. Qf4+ Kg7 35. h5 Qe2 $1 36. h6+ Kf6 37.
Qc1 Qd3 {White has lost a large part of his advantage. Draw would be the most
likely outcome.}) 32... Rxe7 33. Qxe7 Qb1+ 34. Kh2 Qxa2 35. Qxc5 (35. Qe8+ Kg7
36. d6 Qxf2 37. Qe5+ Kf7 38. Qe7+ Kg8 39. d7 Qf4+ 40. Kg1 Qc1+ 41. Kf2 Qf4+ 42.
Ke2 Qc4+ {I saw this variation and White cannot escape the perpetual check.})
35... Qd2 36. d6 Kf7 37. f3 $1 (37. Qc7+ $1 {GM Ian Rogers, who was commenting
live from Sydney, found this winning continuation! In fact the simplest.} Ke6
38. Qc8+ $18) (37. Qe5 $2 Qxf2 38. Qe7+ Kg8 39. d7 Qf4+ 40. Kg1 Qc1+ 41. Kf2
Qf4+ 42. Ke2 Qc4+ 43. Kd2 Qd4+ 44. Kc2 Qc4+ 45. Kb2 Qd4+ 46. Ka3 Qc3+ 47. Ka4
Qc4+ 48. Ka5 Qd5+ 49. Kb6 Qd4+ 50. Kc6 Qa4+ 51. Kd6 Qb4+ 52. Ke6 Qe4+ 53. Kf6
Qxh4+ $11 {Luckily I noticed this perpetual check and decided to play it
simple!!}) 37... Qe1 38. Qd4 Qe8 39. Qd5+ Qe6 40. Qxe6+ Kxe6 41. Kg3 Kxd6 42.
Kf4 Ke6 43. Kg5 Kf7 44. Kh6 {A nice way to finish this game. With this victory
I managed to reduce the gap to half a point and get closer to the tournament
leader.} 1-0